The Five Quiz Stats

Quiz Updated Apr 14, 2015

Also try: The Three Quiz
Challenge
Share
Tweet
Embed
Score 0/20 Timer 05:00
1 Play Today
Hint Answer % Correct
Sight, Hearing, Taste, Smell, TouchFive senses
92.3%
Jackie, Tito, Jermaine, Marlon and MichaelThe Jackson 5
87.3%
To extend your hand upwards in a celebratory gestureHigh Five
84.9%
StubbleFive o'clock shadow
80.8%
Angela, Pamela, Sandra, Rita and others are mentioned in this Lou Bega hit song Mambo No. 5
63.2%
American rock band with hits such as 'She Will Be Loved' and 'Sunday Morning'Maroon 5
63.1%
Slang term for shopliftingFive-Finger Discount
60.7%
Best-selling perfume since 1921Chanel No. 5
58.4%
TV show with the catchphrase 'Book 'em, Danno'Hawaii Five-O
57.6%
1980 Dolly Parton workplace comedyNine to Five
55.2%
Hint Answer % Correct
Old-fashioned version of a dollar storeFive and dime
53.8%
Before Matthew Fox got LOST, he was on this showParty of Five
53.7%
Denial, Anger, Bargaining, Depression, AcceptanceFive Stages of Grief
53.2%
Billy Pilgrim travels through time in this anti-war Kurt Vonnegut novelSlaughterhouse-Five
40.7%
Alt rock trio with the hit single 'Brick' Ben Folds Five
29.7%
Minute Maid fruit juice blendFive Alive
29.4%
That lovable robot from 'Short Circuit'Johnny 5
26.6%
The Dave Brubeck Quartet's most famous jazz pieceTake Five
20.1%
1970 Jack Nicholson filmFive Easy Pieces
16.2%
1990s science fiction TV series starring Bruce BoxleitnerBabylon 5
12.5%

You're not logged in!

Compare scores with friends on all Sporcle quizzes.
Sign Up with Email
OR
Log In

You Might Also Like...

Show Comments

Extras

Top Quizzes Today


Score Distribution

Your Account Isn't Verified!

In order to create a playlist on Sporcle, you need to verify the email address you used during registration. Go to your Sporcle Settings to finish the process.